| 000 | 00661nam a2200229 4500 | ||
|---|---|---|---|
| 003 | OSt | ||
| 005 | 20240613055729.0 | ||
| 006 | a | ||
| 008 | 240613b |||||||| |||| 00| 0 eng d | ||
| 020 | _a9789712721458 | ||
| 040 |
_aDWCL-HMN lib. _cOC |
||
| 082 | _aFil. 641.8 B166h 2009 | ||
| 111 | _aRory C. Subida | ||
| 245 | _aBaking handbook for quick bread, yeast bread, cookies, cakes, pies and pastries / | ||
| 260 |
_aPasig City : _bAnvil publishing., _cc2009. |
||
| 300 |
_axi, _b126p. : _c26 cm. |
||
| 504 | _aIncludes glossary. | ||
| 650 | _a1. Baking. | ||
| 650 | _a2. Bread–Baking. | ||
| 711 | _a Rory C. Subida | ||
| 942 |
_2ddc _n0 _cBK - FIL _kFil. |
||
| 999 |
_c617 _d617 |
||